Click to Translate - Georgian - Statistics

General Stats
  • This quiz has been taken 568 times
  • The average score is 6 of 20
Answer Stats
Hint Answer % Correct
Ten ათი (ati)
48%
Hello გამარჯობა (gamarjoba)
46%
Wednesday ოთხშაბათი (otkhshabati)
43%
Bathroom აბაზანა (abazana)
38%
Good კარგი (k’argi)
34%
Where სად (sad)
34%
Daughter ქალიშვილი (kalishvili)
32%
Mountain მთა (mta)
32%
Winter ზამთარი (zamtari)
32%
Window ფანჯარა (panjara)
30%
Leg ფეხი (pekhi)
30%
Near ახლოს (akhlos)
27%
Teach ასწავლე (asts’avle)
27%
Spoon კოვზი (k’ovzi)
27%
Hat ქუდი (kudi)
27%
Never არასოდეს (arasodes)
26%
Yesterday გუშინ (gushin)
26%
Yellow ყვითელი (q’viteli)
26%
After შემდეგ (shemdeg)
24%
Horse ცხენი (tskheni)
24%
No matching quizzes found
Score Distribution
Percent of People with Each Score
Percentile by Number Answered
Your Score History
You have not taken this quiz